000 01057nam a2200253Ia 4500
001 18336
003 GE_BSU
008 181216s||||||||xx |||||||||||||| ||und||
020 _a9789941944079
040 _cGE_BSU
080 _a328(479.224)
100 _aსაჯაია, სერგი(გიორგი)
245 _aგულსმიწერაქვებული ახავაი და წინგაუხედავად ყურდახშობილი საზოგადოება
245 _bრაგადობანი
245 _cრედ. ზ.ცუცქირიძე
260 _aთბილისი
260 _bზენაარი
260 _c2016
300 _a160გვ. ; 20სმ
653 _aგულსმიწერაქვებული ახავაი და წინგაუხედავად ყურდახშობილი საზოგადოება
653 _aპოლიტიკა
653 _aრაგადობანი
942 _cBK
999 _c51354
_d51354